| 000 | 01080nas a2200289 4500 | ||
|---|---|---|---|
| 001 | BR8500708 | ||
| 003 | BR-BrBNA | ||
| 005 | 20231205090118.0 | ||
| 007 | ta | ||
| 008 | 230509b bl.|||p| |||| 00| 00por d | ||
| 040 |
_aBR-BrBNA _bpor _cBiblioteca Nacional de Agricultura |
||
| 041 | _a(Pt) | ||
| 072 | _aF27; F22 | ||
| 100 | 1 | _aLeite, J.A. | |
| 100 | 1 | _aMedina, B.F. | |
| 245 | 1 | _aEfeito dos sistemas de manejo sobre as propriedades fisicas de um latossolo amarelo do Amazonas [seringueira, Hevea spp., kudzu, Pueraria phaseoloides, Brasil] | |
| 246 | 1 | _aEffect of management systems on physical properties of a yellow latosol of Amazonas [rubber plant, Hevea spp., kudzu, Pueraria phaseoloides, Brazil] | |
| 650 | _aSERINGUEIRA | ||
| 650 | _aKUDZU | ||
| 650 | _aSISTEMA DE CULTIVO | ||
| 650 | _aPROPRIEDADE FISICA | ||
| 650 | _aLATOSSOLO AMARELO | ||
| 650 | _aAMAZONAS | ||
| 773 | 0 |
_tPesquisa Agropecuaria Brasileira (Brazil) _xISSN 0100-204X _g(Nov 1984), v. 19(11) p. 1417-1422 _wBR8500708 |
|
| 909 |
_a202311 _bLúcia _c55 _dLúcia Elande |
||
| 942 |
_2AGRIS _n0 _cANA |
||
| 999 |
_c116225 _d116225 |
||